Les expressions faisant référence à des phénomènes météos - Statistiques

Statistiques générales
  • Ce quiz a été pris 195 fois
  • Le résultat moyen est 12 sur 15
Statistiques - réponses
Sens Mots Expression % Correct
Etre tout puissant 1 Faire la {pluie} et le beau temps
98%
Etre innocent 1 Etre blanc comme {neige}
97%
Tomber subitement amoureux 3 Avoir un {coup de foudre}
95%
Un froid vif et sec 1 Un froid de {canard}
95%
Etre ivre 1 Avoir du {vent} dans les voiles
93%
Aller très vite 1 Aller à la vitesse de l'{éclair}
90%
S'attirer les reproches d'un tiers 1 S'attirer les {foudres} de quelqu'un
90%
Un soleil écrasant 1 Un soleil de {plomb}
85%
Il y a de la tension entre deux personnes 1 Il y a de l'{orage} dans l'air
77%
Un temps pluvieux et gris 1 Un temps de {chien}
75%
Ne rien comprendre 1 Etre dans le {brouillard}
72%
Une relation idéale 1 Une relation sans {nuage}
67%
Agir malgré les obstacles 3 Agir contre {vents et marées}
64%
Beaucoup de bruit pour rien 1 Une {tempête} dans un verre d'eau
52%
Un vent très violent 1 Un vent à {décorner} les boeufs
46%
Aucun quiz correspondant
Distribution des résultats
% des personnes avec chaque résultat
Percentile par nombre de réponses
Votre historique - résultats
Vous n’avez pas pris ce quiz